000 01955cam a2200433Mc 4500
003 PE-LiUPU
005 20250731183340.0
008 141230s2014 sp a r 000 0 spa d
020 _a8494223356
020 _a9788494223358
035 _a(Sirsi) i9788494223358
040 _aBNM
_bspa
_erda
_cBNM
_dPL#
_dI5B
_dOCLCO
_dOCLCF
_dPE-LiUPU
049 _aPRUA
050 4 _aNA
082 0 4 _a711.4
_bH8
_222
245 0 0 _aHuellas urbanas :
_bla ciudad a través de sus trazas /
_c[edición al cuidado de, Alberto Rubio Garrido].
264 1 _aValencia :
_bGeneral de Ediciones de Arquitectura,
_c2014.
300 _a120 páginas :
_bilustraciones ;
_c24 centímetros
336 _atext
_2rdacontent
337 _aunmediated
_2rdamedia
338 _avolume
_2rdacarrier
490 0 _aLínea de fuga
504 _aBibliografía al final de cada capítulo.
505 0 _aLo que esconde un hiato de tiempo, a propósito de la avenida del Oeste -- Las trazas que construyen ciudad -- En torno a un caso de habitar indeciso -- Randonée: el paso del noreste -- Vivencia y estructura temporal del espacio público -- Cuidad e ideología -- Aporía del lugar -- Notas bibliográficas.
526 _aP158
526 _aP146
526 _aP17
526 _aP12
526 _aP06
541 _g003-001041;
650 7 _aRehabilitación urbana
_zValencia.
_2embne
700 1 _aRubio Garrido, Alberto,
_edirector de la publicación.
910 _ajck
_b
_caqs
_d20150112
942 _2ddc
_cBOOK
949 _a711.4 H8
_wDEWEY
_c1
_i72379
_lCCODEBUL1
_mBUL
_p18.95
_r0
_sY
_tBOOK
_u2016-1-11
_xINGENIERIA
_PP06
_0COMPRA
_o.STAFF. Colección General
994 _aC0
_bPEPRU
596 _a1
999 _a711.4 H8
_wDEWEY
_c8367
_i72379
_d8367
_e2019-4-10
_f2021-11-9
_g7
_lCCODEBUL1
_mBUL
_n3
_p18.95
_q1
_r0
_sY
_tBOOK
_u2016-1-11
_xINGENIERIA
_PP06
_0COMPRA
_o.STAFF. Colección General
980 _81
_gALBERTO SANCHEZ Responsable de Automatización